000 00639nam a2200229 a 4500
001 BRL_287
005 20190320210654.0
008 220713s1960----mx-o######---#000-0#spa-#
041 _aspa
044 _amx
050 4 _aNA5257.Y87
_b.G67 1960
100 1 _aGorbea Trueba, José
_923462
245 1 0 _aYuriria
_cJosé Gorbea Trueba.
260 _aMéxico
_bINAH
_c1960
300 _a40 p.
_bil.
_c23 cm.
440 0 _aDirección de Monumentos Coloniales
_v9
_923463
500 _aAu2364
651 4 _aMonasterio agustino (Yuriria, Mexico)
_923464
651 4 _aYuriria (Michoacan)
_xArquitectura
_923465
902 _aGRL
942 _2lcc
_cB
999 _c9100
_d9100